Statistiques concernant Focus sur: Nicolas Flamel - Harry Potter

Cliquez ici pour prendre le quiz!

Statistiques générales

  • Ce quiz a été pris 103 fois
  • Le résultat moyen est 4 sur 7

Statistiques - réponses

Informations recherchéesRéponses% Correct
Première mentionHarry Potter à l'école des sorciers
96%
CréationPierre philosophale
81%
Couleur des cheveuxBlanc
77%
Ecole fréquentéeBeauxbâtons
63%
MétierAlchimiste
58%
EpousePernelle Flamel
21%
Acteur l'interprétant dans les filmsBrontis Jodorowsky
10%

Distribution des résultats

Percentile par nombre de réponses

% des personnes avec chaque résultat

Votre développement - résultats

Vous n’avez pas pris ce quiz